<?xml version="1.0" encoding="UTF-8"?>
<record
    xmlns:xsi="http://www.w3.org/2001/XMLSchema-instance"
    xsi:schemaLocation="http://www.loc.gov/MARC21/slim http://www.loc.gov/standards/marcxml/schema/MARC21slim.xsd"
    xmlns="http://www.loc.gov/MARC21/slim">

  <leader>01354nam a22002897i 4500</leader>
  <datafield tag="999" ind1=" " ind2=" ">
    <subfield code="c">22769</subfield>
    <subfield code="d">22769</subfield>
  </datafield>
  <controlfield tag="003">AR-CdUCM</controlfield>
  <controlfield tag="008">240129b20102010pe ||||| |||| 00| 0 spa d</controlfield>
  <datafield tag="040" ind1=" " ind2=" ">
    <subfield code="a">MUNICIPALIDAD PROVINCIAL DEL CUSCO</subfield>
    <subfield code="c">BIBLIOTECA MUNICIPAL DEL CUSCO</subfield>
  </datafield>
  <datafield tag="082" ind1=" " ind2=" ">
    <subfield code="a">985.613 / C2A</subfield>
    <subfield code="b">C2A</subfield>
  </datafield>
  <datafield tag="100" ind1=" " ind2=" ">
    <subfield code="a">Ancori Cervantes, Guido Am&#xED;lcar </subfield>
  </datafield>
  <datafield tag="245" ind1=" " ind2=" ">
    <subfield code="a">Historiograf&#xED;a de la Provincia de Canchis y la Ciudad de Sicuani : </subfield>
    <subfield code="b">Hechos, sucesos y personajes trascendentales que marcaron la historia y desarrollo de la provincia de Canchis y la Ciudad de Sicuani /</subfield>
  </datafield>
  <datafield tag="260" ind1=" " ind2=" ">
    <subfield code="a">Sicuani-Cusco :</subfield>
    <subfield code="c">2010</subfield>
  </datafield>
  <datafield tag="300" ind1=" " ind2=" ">
    <subfield code="a">80 p&#xE1;ginas. :</subfield>
    <subfield code="c">21 cm.</subfield>
  </datafield>
  <datafield tag="500" ind1=" " ind2=" ">
    <subfield code="z">Bibliograf&#xED;a: p&#xE1;gina 80</subfield>
  </datafield>
  <datafield tag="505" ind1=" " ind2=" ">
    <subfield code="a">Canchis y Canas en la Colonia -- Creaci&#xF3;n de la provincia de Canchis -- Datos relevantes de Canchis -- Plaza de armas de Sicuani -- Llegada del tren a Sicuani -- Puente de Fierro -- Monumento a Pumacahua -- Reconstrucci&#xF3;n de la Iglesia Matriz -- La Waca de Suyo -- Colegio Mateo Pumacahua </subfield>
  </datafield>
  <datafield tag="650" ind1=" " ind2=" ">
    <subfield code="a">Sicuani-Canchis</subfield>
    <subfield code="9">49352</subfield>
  </datafield>
  <datafield tag="650" ind1=" " ind2=" ">
    <subfield code="a">Creaci&#xF3;n</subfield>
    <subfield code="9">3051</subfield>
  </datafield>
  <datafield tag="650" ind1=" " ind2=" ">
    <subfield code="a">Monumento Pumacahua </subfield>
    <subfield code="9">49353</subfield>
  </datafield>
  <datafield tag="650" ind1=" " ind2=" ">
    <subfield code="a">Distritos de la provincia de Canchis</subfield>
    <subfield code="9">49354</subfield>
  </datafield>
  <datafield tag="650" ind1=" " ind2=" ">
    <subfield code="a">Colegio Pumacahua </subfield>
    <subfield code="9">49355</subfield>
  </datafield>
  <datafield tag="650" ind1=" " ind2=" ">
    <subfield code="a">Vilcanota</subfield>
    <subfield code="9">49356</subfield>
  </datafield>
  <datafield tag="650" ind1=" " ind2=" ">
    <subfield code="a">Iglesia</subfield>
    <subfield code="9">1428</subfield>
  </datafield>
  <datafield tag="650" ind1=" " ind2=" ">
    <subfield code="a">Colegio Inmaculada</subfield>
    <subfield code="9">49357</subfield>
  </datafield>
  <datafield tag="942" ind1=" " ind2=" ">
    <subfield code="2">ddc</subfield>
    <subfield code="c">LIBROS</subfield>
  </datafield>
  <datafield tag="945" ind1=" " ind2=" ">
    <subfield code="a">pbj</subfield>
    <subfield code="d">29-01-2024</subfield>
  </datafield>
  <datafield tag="952" ind1=" " ind2=" ">
    <subfield code="0">0</subfield>
    <subfield code="2">ddc</subfield>
    <subfield code="4">0</subfield>
    <subfield code="7">0</subfield>
    <subfield code="a">SH</subfield>
    <subfield code="b">SH</subfield>
    <subfield code="c">CART</subfield>
    <subfield code="d">2024-01-29</subfield>
    <subfield code="e">Dep&#xF3;sito Legal</subfield>
    <subfield code="g">10.00</subfield>
    <subfield code="o">985.613 / C2A </subfield>
    <subfield code="p">SH0000016589</subfield>
    <subfield code="r">2024-01-29</subfield>
    <subfield code="y">LIBROS</subfield>
  </datafield>
</record>
